header

Scholastic treasury of quotations for children / (Record no. 250676)

MARC details
000 -LEADER
fixed length control field 01002pam a2200277 a 4500
001 - CONTROL NUMBER
control field 4490545
003 - CONTROL NUMBER IDENTIFIER
control field OSt
005 - DATE AND TIME OF LATEST TRANSACTION
control field 20151015081908.0
008 - FIXED-LENGTH DATA ELEMENTS--GENERAL INFORMATION
fixed length control field 970721s1998 nyu j 000 0 eng
010 ## - LIBRARY OF CONGRESS CONTROL NUMBER
LC control number 97034153
020 ## - INTERNATIONAL STANDARD BOOK NUMBER
International Standard Book Number 0590271466
040 ## - CATALOGING SOURCE
Original cataloging agency DLC
Transcribing agency DLC
Modifying agency DLC
042 ## - AUTHENTICATION CODE
Authentication code lcac
050 00 - LIBRARY OF CONGRESS CALL NUMBER
Classification number PN6081
Item number .S36 1998
082 00 - DEWEY DECIMAL CLASSIFICATION NUMBER
Classification number 082
Edition number 21
245 00 - TITLE STATEMENT
Title Scholastic treasury of quotations for children /
Statement of responsibility, etc [compiled and written by] Adrienne Betz.
260 ## - PUBLICATION, DISTRIBUTION, ETC. (IMPRINT)
Place of publication, distribution, etc New York :
Name of publisher, distributor, etc Scholastic Reference,
Date of publication, distribution, etc c1998.
300 ## - PHYSICAL DESCRIPTION
Extent 254 p. ;
Dimensions 24 cm.
520 ## - SUMMARY, ETC.
Summary, etc Presents 1,200 quotations from ancient to modern times on topics such as cooperation, growing up, nature, success, and faith.
650 #0 - SUBJECT ADDED ENTRY--TOPICAL TERM
Topical term or geographic name as entry element Quotations, English.
Topical term or geographic name as entry element Quotations.
700 1# - ADDED ENTRY--PERSONAL NAME
Personal name Betz, Adrienne.
906 ## - LOCAL DATA ELEMENT F, LDF (RLIN)
a 7
b cbc
c orignew
d 1
e ocip
f 19
g y-gencatlg
942 ## - ADDED ENTRY ELEMENTS (KOHA)
Source of classification or shelving scheme Library of Congress Classification
Koha item type Long Loan Books
Holdings
Withdrawn status Lost status Source of classification or shelving scheme Damaged status Not for loan Collection code Home library Current library Shelving location Date acquired Total Checkouts Full call number Barcode Date last seen Date checked out Price effective from Koha item type
    Library of Congress Classification     Non-fiction Rongo University Library Rongo University Library General Stacks 15/10/2015 2 PN6081 .S36 1998 20152715 24/05/2017 12/05/2017 15/10/2015 Long Loan Books

© 2026 Rongo University
Contact us: librarian | system librarian | Rongo university